Normal view
MARC view
- المعوقون - رعاية اجتماعية
Entry Topical Term
001 - CONTROL NUMBER
- control field: 13581
003 - CONTROL NUMBER IDENTIFIER
- control field: JO-AjAnu
005 - DATE AND TIME OF LATEST TRANSACTION
- control field: 20230606072454.0
008 - FIXED-LENGTH DATA ELEMENTS
- fixed length control field: 230606|| aca||aabn | a|a d
040 ## - CATALOGING SOURCE
- Original cataloging agency: JO-AjAnu
- Transcribing agency: JO-AjAnu
150 ## - HEADING--TOPICAL TERM
- Topical term or geographic name entry element: المعوقون - رعاية اجتماعية
670 ## - SOURCE DATA FOUND
- Source citation: Work cat.: (JO-AjAnu)6986: فهمي، محمد سيد؛ تقديم: غريب سيد احمد , author 13580, السلوك الاجتماعي للمعوقين : دراسة في الخدمة الاجتماعية